000 00267nam a22001217a 4500
008 260415b ||||| |||| 00| 0 eng d
041 _aShqip
080 _a0.1
100 _a20
101 _aTregime
245 _aGruja e Vetmisë
_cIbrahim Berisha
942 _2udc
_cBK
999 _c60973
_d60973